000 00660nam a2200205Ia 4500
003 GCL
008 140319s9999 xx 000 0 ara d
040 _aGCL /
_cGCL
082 0 4 _a952
_bن ب
100 1 _aنيتوبى اينازو
245 1 0 _aالبوشيدو : المكونات التقليدية للثقافة اليابانية /
_cنيتوبى اينازو
260 _a[S.N] :
_bدار سعاد الصباح ،
_c1993
300 _a221 ص
490 _a
650 0 4 _aاليابان
650 0 4 _aالادب اليابانى
650 0 4 _aالحضارة اليابانية
650 0 4 _aالثقافة اليابانية
942 _2ddc
_cBK
999 _c35220
_d35220